000 01619nas a2200385 c 4500
001 25356
003 ES-MaCES
005 20250327125530.0
007 cr |||||||||||
008 940511c1900 sp m| | |spa d
022 1 _a1132-9386
035 _aCES19980003373p
_z10345
040 _aES-MaCES
_bspa
_cES-MaCES
245 0 0 _aCuadernos de información económica
260 _a[Madrid (Juan Hurtado de Mendoza, 14, 28036)]
_b[Fundación Fondo para la Investigación Económica y Social, Obra Social de la Confederación Española de Cajas de Ahorros]
300 _av.
_c30 cm
310 _aBimestral
_b2000-
321 _aMensual
_b -2000
500 _aCerrada la suscripción de la ed. impresa, continua ed. electrónica
500 _aDescripción basada en: n. 85 (abr. 1994)
541 _cCompra
650 4 _apolítica económica
_927025
650 4 _acondiciones económicas
_927081
650 4 _aeconomía
_926781
653 1 0 _aEconomía
710 2 _aConfederación Española de Cajas de Ahorros
_bObra Social
_eed.
_92251
710 2 _aFundación Fondo para la Investigación Económica y Social
_eed.
_93824
853 2 1 _bn.
_iaño
_jmes
_vc
_wb
856 4 _uhttps://www.funcas.es/publicaciones/revistas/cuadernos-de-informacion/listado-cuadernos-de-informacion/
_ytexto completo desde n. 0 (1987)
866 0 _a(1993)1994-2023(2024)
_zUbicación: DEPÓSITO - 10345
_zUbicación: SALA - REV.-0.0.-16
905 _1Boletín A
_fP-OL
_k
_nCuaDInfEco
_pA
942 _2CES
_cCR
_h0.0.
999 _c25356
_d25356